000 00403nam a2200157Ia 4500
008 230917s9999||||xx |||||||||||||| ||und||
040 _e202751
_aMAIN
041 _aEnglish
082 _a820.8 G82N(10)
100 _aGreenblatt, Stephen, ed.
245 0 _aNorton anthology of English literature. 3V
250 _a10th ed.
260 _aNew York
_bW W Norton
_c2018
300 _av. p.
942 _cBK
999 _c171586
_d171586